Nazwij pasujące państwo A-Z - Statystyki

Ogólne statystyki
  • Ten quiz został rozwiązany 186 razy
    159 od ostatniego zresetowania
  • Średni wynik to 21 z 24
Statystyki odpowiedzi
Litera Nazwij państwo Państwo % Poprawnych
A Które leży w Afryce Algieria / Angola
97%
C Które było częścią Jugosławii Chorwacja / Czarnogóra
97%
Ł Które graniczy z Rosją Łotwa
97%
U Które było częścią Związku Radzieckiego Ukraina / Uzbekistan
97%
P Które ma dwa kolory na swojej fladze Pakistan / Palau / Peru / Polska
96%
E Które nie leży w Afryce Ekwador / Estonia
94%
N Które kończy się na literę A Namibia / Nigeria / Nikaragua / Norwegia / Nowa Zelandia
94%
T Które graniczy z Europą Turcja
94%
Z Które Istnieje Zambia / Zimbabwe / Zjednoczone Emiraty Arabskie
94%
F Które nie leży w Europie Fidżi / Filipiny
93%
O Które leży w Azji Oman
93%
H Które graniczy z Morzem Karaibskim Haiti / Honduras
92%
I Które było częścią Imperium Osmańskiego Irak / Iran / Izrael
92%
M Które jest państwem wyspiarskim Madagaskar / Malediwy /,Malta / Mauritius / Mikronezja
88%
B Które jest śródlądowe Bhutan / Białoruś / Boliwia / Botswana / Burkina Faso / Burundi
87%
W Które nie ma koloru niebieskiego na swojej fladze Watykan / Węgry / Wietnam / Włochy / Wybrzeże Kości Słoniowej / Wyspy Świętego Tomasza i Książęca
87%
J Które było skolonizowane Jamajka / Jordania
86%
K Które jest obecnie państwem komunistycznym Korea Północna / Kuba
86%
L Które było częścią Imperium Rzymskiego Liban / Libia / Liechtenstein / Luksemburg
86%
V Które leży w Oceanii Vanuatu
85%
S Które powstało po 2000 roku Serbia / Sudan Południowy
82%
R Które ma więcej niż jedno słowo w nazwie Republika Południowej Afryki / Republika Środkowoafrykańska / Republika Zielonego Przylądka
76%
D Które graniczy z jednym państwem Dominikana
71%
G Które jest jednym z trzech najmniej zgadywanych państw w quizie "Państwa na literę G" Grenada / Gwinea Bissau / Gwinea Równikowa
69%
Nie znaleziono quizów pasujących do podanych kryteriów
Rozkład punktacji
Procent ludzi z każdym wynikiem
Percentyl według liczby udzielonych odpowiedzi
Twoja historia wyników
Nie rozwiązałeś tego quizu od ostatniego zresetowania